| 000 | 00357cam a22001217a 4500 | ||
|---|---|---|---|
| 008 | 180718b2008 xxu||||| |||| 00| 0 eng d | ||
| 020 | _a9788190749961 | ||
| 082 | _aK85x54 P973 | ||
| 100 | _aPuri V.K. | ||
| 245 |
_aRevised compilation for Pensioners (Civil & railway employees) _cBy V.K. Puri |
||
| 260 |
_aNew Delhi _bJBA _c2008 |
||
| 650 | _aPensions -- India | ||
| 999 |
_c503028 _d503028 |
||